Представление документа в формате MARC21

Поле Инд. ПП Название Значение
Тип записи a
Библиографический уровень m
001 Контрольный номер UNIDUBNAaaf17302c7944c3aac209dc070845082
005 Дата корректировки 20250731111007.3
008 Кодируемые данные 20100401
020 a ISBN 9785955804750
084 a Индекс другой классификации/Индекс ББК 65.291я73; 65.291.2я73; 65.291.6я73
100 1_ a Автор Балашов А. П.
q Полное имя Балашов Анатолий Павлович
245 10 a Заглавие Организационная культура
b Продолж. заглавия учебное пособие
c Ответственность рецензенты П. М. Перкушевич, В. О. Федорович, И. В. Щетинина; Новосибирский государственный университет экономики и управления (НИНХ)
260 a Место издания Москва
b Издательство Вузовский учебник
b Издательство ИНФРА-М
c Дата издания 2021
300 a Объем 278 с.
336 a Термин вида содержания Текст
337 a Термин типа средства электронный
440 _0 a Серия Высшее образование
504 a Библиография Рек. лит. - Ключевые терм. и понят.: с. 198. - Прил.: с. 212
650 04 a Основная рубрика управление персоналом (кадровый менеджмент)
a Основная рубрика экономика
a Основная рубрика экономика предприятия
653 0_ a Ключевые слова внешняя среда организации
a Ключевые слова внутренняя среда организации
a Ключевые слова деловое общение
a Ключевые слова жизненный цикл организации
a Ключевые слова коммуникации
a Ключевые слова конфликты
a Ключевые слова корпоративная культура
a Ключевые слова культура труда
a Ключевые слова лидерство
a Ключевые слова менеджмент
a Ключевые слова миссия организации
a Ключевые слова модели управленческих организаций
a Ключевые слова мотивация
a Ключевые слова организации
a Ключевые слова организационная культура
a Ключевые слова организационное поведение
a Ключевые слова организационный климат
a Ключевые слова персонал
a Ключевые слова предприятие
a Ключевые слова разрешение конфликтов
a Ключевые слова Россия
a Ключевые слова рыночная культура
a Ключевые слова сетевые организации
a Ключевые слова стиль управления
a Ключевые слова трудовая этика
a Ключевые слова управление предприятием
a Ключевые слова управленческие кадры
a Ключевые слова управленческие решения
a Ключевые слова функции организационной культуры
a Ключевые слова эффективность управления
655 a Жанр/ форма (устаревшее) учебное пособие
700 12 a Автор Перкушевич П. М.
e Роль лиц рецензент
700 12 a Автор Федорович В. О.
e Роль лиц рецензент
700 12 a Автор Щетинина И. В.
e Роль лиц рецензент
856 40 a Имя сервера/домена ЭБС ZNANIUM
d Путь https://znanium.ru/
i Указания/сценарий входа Доступ по логину и паролю
u URL https://znanium.ru/catalog/product/1150325
v Время доступа к ресурсу 31.12.2025
y Справочный текст Электронная версия
900 a Имя электронного ресурса obl_Balahov_Organizachionnaya_kultura
x Справочная информация Обложка
901 t Тип документа 0
952 a Тип литературы для КСУ ВШ УИ